000 00442nam a2200157Ia 4500
003 GCL
008 140319s9999 xx 000 0 ara d
040 _aGCL /
_cGCL
082 0 4 _a891.991
_bم ث
100 1 _aمحمد موفاكو
245 1 0 _aالثقافة الالبانية فى الابجدية العربية /
_cمحمد موفاكو
300 _a212 ص
490 _a
650 0 4 _aالادب الالبانى
942 _2ddc
_cBK
999 _c44721
_d44721